[Event "GER-chT U18 Girls"]
[Site "Germany"]
[Date "2012.05.05"]
[Round "6.1"]
[White "Krtschil, Anna"]
[Black "Mehling, Katharina"]
[Result "1/2-1/2"]
[WhiteElo "1524"]
[BlackElo "1714"]
[PlyCount "71"]
[EventDate "2012.05.04"]
[EventType "team-swiss"]
[EventRounds "7"]
[EventCountry "GER"]
[SourceTitle "EXT 2014"]
[Source "ChessBase"]
[SourceDate "2013.11.20"]
[SourceVersion "1"]
[SourceVersionDate "2013.11.20"]
[SourceQuality "1"]
[WhiteTeam "Bad Langensalza (W)"]
[BlackTeam "Karlstadt JSG (W)"]
[WhiteTeamCountry "GER"]
[BlackTeamCountry "GER"]

1. e4 d6 2. d4 Nf6 3. Nc3 g6 4. f3 Bg7 5. Be3 0-0 6. Bc4 c6 7. Nge2 Nbd7 8. Qd2 b5 9. Bd3 a5 10. Bh6 Qb6 11. h4 a4 12. g4 b4 13. Nd1 c5 14. h5 cxd4 15. hxg6 fxg6 16. Bxg7 Kxg7 17. Qh6+ Kh8 18. e5 Nxe5 19. Qxf8+ Ng8 20. Nf4 d5 21. Rh6 Bb7 22. Nxg6+ Nxg6 23. Bxg6 Qxg6 24. Rxg6 Rxf8 25. Rb6 Bc8 26. Ke2 Bd7 27. Rxb4 e5 28. Nf2 Nf6 29. Rh1 Rc8 30. Kd3 Be8 31. c4 Bg6+ 32. Kd2 dxc4 33. Rxa4 c3+ 34. bxc3 dxc3+ 35. Kc1 Rb8 36. Ne4 1/2-1/2

[Event "GER-chT U18 Girls"]
[Site "Germany"]
[Date "2012.05.04"]
[Round "2.1"]
[White "Evers, Annika"]
[Black "Krtschil, Anna"]
[Result "1-0"]
[WhiteElo "1774"]
[BlackElo "1524"]
[PlyCount "53"]
[EventDate "2012.05.04"]
[EventType "team-swiss"]
[EventRounds "7"]
[EventCountry "GER"]
[SourceTitle "EXT 2014"]
[Source "ChessBase"]
[SourceDate "2013.11.20"]
[SourceVersion "1"]
[SourceVersionDate "2013.11.20"]
[SourceQuality "1"]
[WhiteTeam "Stade Athenaeum (W)"]
[BlackTeam "Bad Langensalza (W)"]
[WhiteTeamCountry "GER"]
[BlackTeamCountry "GER"]

1. d4 d5 2. Nf3 e6 3. e3 c6 4. Bd3 Bd6 5. 0-0 f5 6. c4 Nf6 7. b3 Nbd7 8. Bb2 0-0 9. Nbd2 Qe8 10. Ne5 Ne4 11. f3 Nxd2 12. Qxd2 Nf6 13. Rae1 Bd7 14. e4 Bxe5 15. dxe5 Nh5 16. exf5 exf5 17. e6 Bc8 18. g4 fxg4 19. fxg4 Rxf1+ 20. Rxf1 dxc4 21. Bxc4 b5 22. e7+ bxc4 23. Rf8+ Qxf8 24. exf8Q+ Kxf8 25. gxh5 cxb3 26. axb3 g6 27. hxg6 1-0

[Event "GER-chT U18 Girls"]
[Site "Germany"]
[Date "2012.05.04"]
[Round "1.1"]
[White "Krtschil, Anna"]
[Black "Wolff, Marie Antoinette"]
[Result "1/2-1/2"]
[WhiteElo "1524"]
[BlackElo "1144"]
[PlyCount "116"]
[EventDate "2012.05.04"]
[EventType "team-swiss"]
[EventRounds "7"]
[EventCountry "GER"]
[SourceTitle "EXT 2014"]
[Source "ChessBase"]
[SourceDate "2013.11.20"]
[SourceVersion "1"]
[SourceVersionDate "2013.11.20"]
[SourceQuality "1"]
[WhiteTeam "Bad Langensalza (W)"]
[BlackTeam "Oranienburg Louise Henriette Gym (W)"]
[WhiteTeamCountry "GER"]
[BlackTeamCountry "GER"]

1. e4 c5 2. Nf3 g6 3. Bc4 Bg7 4. d4 cxd4 5. Nxd4 d6 6. Nc3 Nf6 7. f3 0-0 8. Be3 Bd7 9. Qd2 Nc6 10. Nxc6 Bxc6 11. Bh6 Qb6 12. 0-0-0 Rac8 13. h4 d5 14. Bxg7 Kxg7 15. Bxd5 Bxd5 16. Nxd5 Qa6 17. Nc3 Qa5 18. g4 Rcd8 19. Qe3 e6 20. h5 b5 21. hxg6 fxg6 22. Qh6+ Kg8 23. e5 Rxd1+ 24. Rxd1 Nd5 25. Rh1 Rf7 26. Nxd5 exd5 27. a3 b4 28. Qe3 bxa3 29. bxa3 d4 30. Qb3 Qxe5 31. Rf1 Qe2 32. Qd3 Qe5 33. Qd2 Qc5 34. Qb4 Qxb4 35. axb4 Rb7 36. Re1 Kg7 37. Re4 Rxb4 38. Re7+ Kf6 39. Rxa7 h6 40. Kd2 Kg5 41. Ra6 h5 42. gxh5 gxh5 43. Rd6 Kf4 44. Rh6 Rb5 45. Kd3 Kxf3 46. Kxd4 Kg4 47. c4 Rg5 48. c5 h4 49. c6 Rg7 50. Kd5 h3 51. Kd6 Kg3 52. c7 Rg8 53. Kd7 h2 54. c8Q Rxc8 55. Kxc8 Kg2 56. Rg6+ Kf3 57. Rh6 Kg3 58. Rxh2 Kxh2 1/2-1/2

[Event "Muehlhaeusen op"]
[Site "Muehlhausen"]
[Date "2007.05.18"]
[Round "4.27"]
[White "Krtschil, Anna"]
[Black "Eichler, Willy"]
[Result "1/2-1/2"]
[WhiteElo "1343"]
[BlackElo "1430"]
[PlyCount "113"]
[EventDate "2007.05.16"]
[EventType "swiss"]
[EventRounds "7"]
[EventCountry "GER"]
[SourceTitle "CBM 118 Extra"]
[Source "ChessBase"]
[SourceDate "2007.07.04"]
[SourceVersion "1"]
[SourceVersionDate "2007.07.04"]
[SourceQuality "1"]

1. e4 c5 2. d4 cxd4 3. Nf3 Nc6 4. c3 dxc3 5. Nxc3 a6 6. a4 d6 7. Bc4 e6 8. 0-0 Nf6 9. Bg5 Be7 10. Qe2 Qc7 11. Rfd1 0-0 12. Rac1 Qb8 13. Rc2 Rd8 14. Rcd2 h6 15. Bf4 Nh5 16. Be3 Nf6 17. Bb6 Rd7 18. Nd4 Nxd4 19. Bxd4 e5 20. Bb6 Bd8 21. Bxd8 Rxd8 22. Nd5 Nxd5 23. Rxd5 Be6 24. R5d2 Bxc4 25. Qxc4 Rd7 26. Qb4 Qc7 27. Rxd6 Rxd6 28. Qxd6 Qxd6 29. Rxd6 Rc8 30. f3 Rc1+ 31. Kf2 Rc2+ 32. Kg3 Rxb2 33. Rd8+ Kh7 34. Rd7 f6 35. Rc7 Kg6 36. h4 h5 37. Kh3 a5 38. Kg3 b6 39. Rb7 Rb4 40. Kh3 Rxa4 41. Rxb6 Ra1 42. Ra6 a4 43. Kg3 a3 44. Ra7 a2 45. Ra8 Kf7 46. Ra6 Ke8 47. Kf2 Kd8 48. Ra3 Kc8 49. Ra5 Kb7 50. Ra4 Kb6 51. Ra8 Kc5 52. Ra7 Kb4 53. Ra8 Kb3 54. Rb8+ Kc2 55. Ra8 g6 56. Rc8+ Kb2 57. Rb8+ 1/2-1/2

[Event "GER-chT U14 Girls"]
[Site "Burg Stargard"]
[Date "2006.12.30"]
[Round "7.1"]
[White "Mueller, Laura Margarita"]
[Black "Krtschil, Anna"]
[Result "0-1"]
[WhiteElo "1158"]
[BlackElo "1357"]
[PlyCount "70"]
[EventDate "2006.12.27"]
[EventType "team-swiss"]
[EventRounds "7"]
[EventCountry "GER"]
[SourceTitle "EXT 2008"]
[Source "ChessBase"]
[SourceDate "2007.11.25"]
[SourceVersion "1"]
[SourceVersionDate "2007.11.25"]
[SourceQuality "1"]
[WhiteTeam "Guennigfeld SV U14 Girls"]
[BlackTeam "Waltershausen U14 Girls"]
[WhiteTeamCountry "GER"]
[BlackTeamCountry "GER"]

1. d4 d5 2. c4 e6 3. Nc3 f5 4. Nf3 c6 5. Bf4 Nf6 6. e3 Nbd7 7. cxd5 exd5 8. Bd3 Ne4 9. Bxe4 fxe4 10. Nd2 Be7 11. Qe2 0-0 12. 0-0-0 b5 13. Qg4 Ne5 14. Qe2 Nd3+ 15. Kb1 a5 16. f3 Nxf4 17. exf4 exf3 18. Qxf3 a4 19. a3 Qb6 20. Rhe1 Bd6 21. Nxd5 cxd5 22. Qxd5+ Kh8 23. Qxa8 Bf5+ 24. Qe4 Bxe4+ 25. Rxe4 Bxf4 26. Nf3 b4 27. Rd3 Qc6 28. Re1 Rc8 29. Rdd1 Qc2+ 30. Ka1 bxa3 31. bxa3 Qc3+ 32. Ka2 Qb3+ 33. Ka1 Qxa3+ 34. Kb1 Rb8+ 35. Kc2 Qb3# 0-1